000 00634nam a22001937a 4500
003 OSt
005 20221031175956.0
008 221006b |||||||| |||| 00| 0 eng d
040 _cBiblioteca Lado V
082 _a779
_bR781p
100 _9269
_aRoose, Santiago
_ediseñador
245 _aPhilippe Gruenberg | Pablo Hare LIMA 01/
246 _aPremios Principe Claus 2002/
260 _c2002
_aPeru
_bEdiciones Galería del Escusado
300 _a65p.
_c26x20cm
650 _2Tesauro de Arte & Arquitectura
_aFOTOGRAFIA
650 _2Tesauro de Arte & Arquitectura
_aPROYECTO
942 _2ddc
_c1
_h779
_iR781p
_n0
999 _c2204
_d2204